000 00922nas a2200277 4500
001 BR2017002242
003 BR-BrBNA
005 20231205131047.0
007 ta
008 230509b bl.|||p| |||| 00| 00por d
040 _aBR-BrBNA
_bpor
_cBiblioteca Nacional de Agricultura
041 _a(En)
072 _aF04
100 1 _aXavier, F.A. da S.
100 1 _aOliveira, J.I.A.
100 1 _aSilva, M.R. da
245 1 _aDecomposition and nutrient release dynamics of shoot phytomass of cover crops in the recôncavo baiano
650 _aPLANTA DE COBERTURA
650 _aLIGNINA
650 _aRESÍDUO ORGÂNICO
650 _aSOLO
773 0 _tRevista Brasileira de Ciência do Solo (Brazil)
_xISSN 1806-9657
_g(2017), v. 41 p. 1-14
_wBR2017002242
856 4 0 _uhttp://www.scielo.br/pdf/rbcs/v41/0100-0683-rbcs-18069657rbcs20160103.pdf
909 _a202311
_bLúcia
_c55
_dLúcia Elande
942 _2AGRIS
_n0
_cANA
999 _c252830
_d252830